[Event "8th EUR-ch (w)"]
[Site "Dresden GER"]
[Date "2007.04.12"]
[Round "9"]
[White "Muzychuk, Maria"]
[Black "Umudova, Nargiz"]
[Result "1-0"]
[WhiteElo "2293"]
[BlackElo "2198"]
[EventDate "2007.04.03"]
[PlyCount "85"]

1.e4 c5 2.c3 g6 3.d4 cxd4 4.cxd4 d5 5.e5 Nc6 6.Nf3 Bg7 7.h3 Nh6 8.Bb5 O-O 
9.O-O f6 10.exf6 exf6 11.Nc3 Nf5 12.Re1 Qd6 13.Ba4 Be6 14.Nb5 Qd7 15.Bf4 
Bf7 16.Rc1 Bh6 17.Bxh6 Nxh6 18.Qd2 Nf5 19.Qf4 g5 20.Qd2 a6 21.Nc3 Rfe8 22.
Bc2 b5 23.Qd3 Bg6 24.Nxd5 Qd6 25.Rxe8+ Rxe8 26.Bb3 Kg7 27.Qc3 Nce7 28.Nc7 
Rc8 29.Ne6+ Kh6 30.Qd2 Rxc1+ 31.Qxc1 Qc6 32.Qd2 Be8 33.Nexg5 Kg7 34.Ne6+ 
Kh8 35.d5 Qd6 36.g4 Ng7 37.Qh6 Nxe6 38.Qxf6+ Kg8 39.dxe6 Qc5 40.Ne5 Qc1+ 
41.Kg2 Bc6+ 42.Nxc6 Qxc6+ 43.f3 1-0

[Event "8th EUR-ch (w)"]
[Site "Dresden GER"]
[Date "2007.04.12"]
[Round "9"]
[White "Vovinkina, Natalia"]
[Black "Gvetadze, Sopio"]
[Result "1-0"]
[WhiteElo "2202"]
[BlackElo "2411"]
[EventDate "2007.04.03"]
[PlyCount "113"]

1.d4 d5 2.Nf3 e6 3.Bg5 Qd6 4.e3 Qb4+ 5.Nbd2 Qxb2 6.Bd3 Qa3 7.O-O Nd7 8.Rb1
c6 9.Rb3 Qa5 10.c4 Ngf6 11.cxd5 cxd5 12.e4 dxe4 13.Nxe4 Be7 14.Bd2 Qd8 15.
Ne5 Nxe5 16.dxe5 Nxe4 17.Bxe4 Rb8 18.Rd3 Qc7 19.Qh5 g6 20.Qh6 Bd7 21.Qg7 
Rf8 22.Bh6 Rc8 23.Rb3 b6 24.Qxh7 Qxe5 25.Bxf8 Bxf8 26.Bf3 Qg7 27.Qh4 Bc5 
28.Qe4 Bc6 29.Qe2 Bxf3 30.Rxf3 Rd8 31.Rd3 Rxd3 32.Qxd3 Qb2 33.Qa6 Kf8 34.
Qxa7 Kg7 35.Qa4 e5 36.Qb3 Qe2 37.a4 Bd4 38.h3 e4 39.Qb5 Qd2 40.Qc4 Qb2 41.
Qb5 Qd2 42.Qb1 Qf4 43.Qd1 Be5 44.g3 Qh6 45.Kg2 Bf6 46.Qe2 Qg5 47.Qxe4 Qc5 
48.Rd1 Qc3 49.Rd3 Qc2 50.Re3 Qd2 51.Qd3 Qc1 52.Qb3 Bd4 53.Rf3 f5 54.Qd5 
Qb2 55.g4 Bf6 56.gxf5 g5 57.Qd7+ 1-0

[Event "8th EUR-ch (w)"]
[Site "Dresden GER"]
[Date "2007.04.12"]
[Round "9"]
[White "Kopinits, Anna-Christina"]
[Black "Collas, Silvia"]
[Result "0-1"]
[WhiteElo "2198"]
[BlackElo "2401"]
[EventDate "2007.04.03"]
[PlyCount "118"]

1.e4 c5 2.Nf3 d6 3.d4 cxd4 4.Nxd4 Nf6 5.Nc3 a6 6.Be2 e6 7.O-O Be7 8.Kh1 
O-O 9.a4 Nc6 10.Be3 Qc7 11.f4 Re8 12.Bg1 Bd7 13.Qd3 Bf8 14.a5 Nxa5 15.e5 
dxe5 16.fxe5 Qxe5 17.Nf3 Qc7 18.Ng5 h6 19.Rxf6 hxg5 20.Rxf7 Kxf7 21.Rf1+ 
Ke7 22.Bh5 Nc4 23.Bc5+ Kd8 24.Bxf8 Ne5 25.Qd2 g6 26.Bd6 Qc6 27.Qxg5+ Kc8 
28.Bxe5 gxh5 29.Qf4 b6 30.Ne4 Kb7 31.Nd6+ Ka7 32.Nxe8 Bxe8 33.h3 Rc8 34.
Qg5 Qxc2 35.Qe7+ Ka8 36.Rf8 Qc6 37.Rg8 Qd7 38.Qf6 Qd5 39.Rg7 Bc6 40.Qe7 
Bb7 41.Bc7 Ka7 42.Qf7 a5 43.Qf2 Qc6 44.Be5 Rd8 45.Kh2 Rd3 46.Rg5 Rd5 47.
Rxh5 Rc5 48.Rg5 Rc2 49.Qf1 Qe4 50.Bd6 Rxb2 51.Rg8 Re2 52.Bb8+ Ka6 53.Rg4 
Qd3 54.Rg3 Qb5 55.Rg5 e5 56.Rg6 Rxg2+ 57.Qxg2 Bxg2 58.Rxg2 Qd5 59.h4 Kb7 
0-1

[Event "8th EUR-ch (w)"]
[Site "Dresden GER"]
[Date "2007.04.12"]
[Round "9"]
[White "Zdebskaya, Natalia"]
[Black "Vogel, Heike"]
[Result "1-0"]
[WhiteElo "2335"]
[BlackElo "2156"]
[EventDate "2007.04.03"]
[PlyCount "65"]

1.e4 d5 2.exd5 Nf6 3.Bb5+ Bd7 4.Be2 Nxd5 5.d4 Bf5 6.Nf3 e6 7.O-O Be7 8.a3 
O-O 9.c4 Nb6 10.Nc3 c6 11.h3 N8d7 12.Be3 h6 13.b4 Nf6 14.Qb3 Ne4 15.a4 g5 
16.a5 Nxc3 17.Qxc3 Nd7 18.a6 b6 19.Ne5 Rc8 20.f4 Nf6 21.Bf3 Ne4 22.Bxe4 
Bxe4 23.Rae1 f5 24.fxg5 hxg5 25.h4 Kh7 26.hxg5 Bxg5 27.Bxg5 Qxg5 28.Qh3+ 
Kg7 29.Re3 Rh8 30.Rg3 Rh5 31.Kf2 Rch8 32.Rxg5+ Rxg5 33.Qxh8+ 1-0

[Event "8th EUR-ch (w)"]
[Site "Dresden GER"]
[Date "2007.04.12"]
[Round "9"]
[White "Schulz, Stefanie"]
[Black "Ionica, Iulia-Ionela"]
[Result "1/2-1/2"]
[WhiteElo "2117"]
[BlackElo "2276"]
[EventDate "2007.04.03"]
[PlyCount "62"]

1.e4 c5 2.Nc3 e6 3.f4 Nc6 4.Nf3 Nge7 5.d3 d5 6.e5 h5 7.g3 Nf5 8.Bh3 Be7 9.
O-O a6 10.a4 g6 11.Qe2 b6 12.Nd1 Bb7 13.c3 Qd7 14.Nf2 Na5 15.Nd2 O-O-O 16.
Bxf5 gxf5 17.h4 d4 18.Kh2 Qc6 19.Rg1 Rdg8 20.Qf1 Rh6 21.Nh3 Qd5 22.c4 Qd7 
23.b3 Rhg6 24.Ng5 Bxg5 25.fxg5 Qe7 26.Qe2 Rh8 27.Rb1 Nc6 28.Nf3 a5 29.Bf4 
Nb4 30.Rbf1 Rgg8 31.Ne1 Nc6 1/2-1/2

[Event "8th EUR-ch (w)"]
[Site "Dresden GER"]
[Date "2007.04.12"]
[Round "9"]
[White "Mira, Helene"]
[Black "Makropoulou, Marina"]
[Result "0-1"]
[WhiteElo "2171"]
[BlackElo "2268"]
[EventDate "2007.04.03"]
[PlyCount "120"]

1.d4 d5 2.c4 c6 3.Nc3 Nf6 4.Nf3 a6 5.c5 Bf5 6.Bf4 Nbd7 7.e3 e6 8.h3 Be7 9.
Be2 O-O 10.O-O Re8 11.b4 h6 12.a4 Qc8 13.b5 Bd8 14.b6 Ne4 15.Nxe4 Bxe4 16.
Bd3 Bf6 17.Bxe4 dxe4 18.Ne5 Bxe5 19.Bxe5 Nxe5 20.dxe5 Rd8 21.Qg4 Rd5 22.
Qxe4 Qf8 23.Rac1 Rad8 24.Qc4 Qe7 25.f4 Qh4 26.Qe2 Rd2 27.Qf3 Qe7 28.f5 
exf5 29.Qxf5 R2d5 30.Qc2 Qxe5 31.Qf2 R8d7 32.Rc4 Rxc5 33.Rf4 Qe8 34.Qf3 
Re5 35.e4 Qe6 36.Qg3 Rg5 37.Qf3 Qg6 38.Qf2 Qe6 39.Qf3 Qe7 40.h4 Re5 41.Qg4
Qe6 42.Qf3 Re7 43.Qd3 Rd7 44.Qf3 c5 45.Qc3 c4 46.Qe3 Qc6 47.Kh1 c3 48.Rc1 
c2 49.Qe2 Rc5 50.Kh2 Qxa4 51.Rf2 Rd6 52.Qf3 Rf6 53.Qe3 Qc6 54.Rxf6 gxf6 
55.Qxh6 Qd6+ 56.Kh1 Qd1+ 57.Kh2 Rh5 58.Qf4 Rxh4+ 59.Qxh4 Qxc1 60.Qg4+ Kh7 
0-1

[Event "8th EUR-ch (w)"]
[Site "Dresden GER"]
[Date "2007.04.12"]
[Round "9"]
[White "Khudaverdieva, Afag"]
[Black "Medic, Mirjana"]
[Result "1/2-1/2"]
[WhiteElo "2163"]
[BlackElo "2265"]
[EventDate "2007.04.03"]
[PlyCount "83"]

1.d4 e6 2.c4 f5 3.Nf3 Nf6 4.g3 d5 5.Bg2 c6 6.Nbd2 Bd6 7.O-O O-O 8.b3 Bd7 
9.Bb2 Be8 10.Ne5 Ne4 11.Nxe4 dxe4 12.f3 exf3 13.Bxf3 Nd7 14.Nxd7 Qxd7 15.
e4 Bf7 16.Bg2 Rad8 17.Qe2 Bg6 18.e5 Bc7 19.Rad1 Qf7 20.Bf3 Kh8 21.b4 Bb6 
22.Kh1 Qe8 23.a4 a6 24.b5 axb5 25.axb5 f4 26.c5 Bc7 27.Qg2 cxb5 28.Bxb7 
fxg3 29.Rxf8+ Qxf8 30.Rf1 Qe7 31.hxg3 b4 32.Be4 Qe8 33.Qc2 Bxe4+ 34.Qxe4 
Kg8 35.Kg2 h6 36.Qb7 Qd7 37.Ra1 Rb8 38.Qe4 Bd8 39.Rd1 Qa4 40.Rd2 Bg5 41.
Rf2 Qb3 42.Re2 1/2-1/2

[Event "8th EUR-ch (w)"]
[Site "Dresden GER"]
[Date "2007.04.12"]
[Round "9"]
[White "Cherednichenko, Elena"]
[Black "Stiri, Alexandra"]
[Result "0-1"]
[WhiteElo "2091"]
[BlackElo "2258"]
[EventDate "2007.04.03"]
[PlyCount "118"]

1.d4 Nf6 2.Nf3 e6 3.e3 c5 4.Bd3 d5 5.b3 Nc6 6.O-O b6 7.Bb2 Be7 8.Nbd2 O-O 
9.a3 Bb7 10.Ne5 Nxe5 11.dxe5 Nd7 12.f4 g6 13.Qg4 c4 14.bxc4 dxc4 15.Nxc4 
Nc5 16.Bd4 Qd5 17.Qe2 Rac8 18.Bxc5 Qxc5 19.Nd2 Qc3 20.a4 Rfd8 21.Rfd1 Rc7 
22.Nb3 Rcd7 23.a5 bxa5 24.Nxa5 Be4 25.Nc4 Bxd3 26.cxd3 Rxd3 27.Rdc1 Qb4 
28.Rxa7 Bc5 29.Raa1 Qb3 30.Rab1 Bxe3+ 31.Nxe3 Rxe3 32.Qb2 Qa4 33.Rf1 Red3 
34.Qb4 Qc6 35.Rbc1 Qd5 36.Qc4 Qb7 37.Qc6 Qb2 38.Qc2 Qd4+ 39.Qf2 Qd5 40.Qc5
Qe4 41.Rce1 Qb7 42.Rb1 Qe4 43.Rbe1 Qf5 44.Re2 R8d4 45.Rb2 Rd8 46.Qc7 Rd1 
47.Rf2 R8d4 48.g3 Qe4 49.Qc3 R4d3 50.Qb2 Qd5 51.Qe2 R1d2 52.Qe1 h5 53.g4 
h4 54.Re2 h3 55.f5 Rd1 56.Qf2 Rxf1+ 57.Qxf1 Rd1 58.Re1 Rxe1 59.Qxe1 Qg2# 
0-1

[Event "8th EUR-ch (w)"]
[Site "Dresden GER"]
[Date "2007.04.12"]
[Round "9"]
[White "Von Herman, Brigitte"]
[Black "Gromova, Yulia"]
[Result "1/2-1/2"]
[WhiteElo "2070"]
[BlackElo "2252"]
[EventDate "2007.04.03"]
[PlyCount "97"]

1.e4 c6 2.d4 d5 3.exd5 cxd5 4.c4 Nf6 5.Nc3 g6 6.cxd5 Nxd5 7.Bc4 Nb6 8.Bb3 
Bg7 9.d5 N8d7 10.Be3 Ne5 11.Qe2 Bg4 12.f3 Bf5 13.Rd1 O-O 14.Bf4 Qb8 15.Qe3
Nbc4 16.Bxc4 Nxc4 17.Qc1 Qc8 18.Nge2 Qc5 19.b3 Ne5 20.Be3 Qb4 21.O-O Rac8 
22.Qd2 Rfd8 23.Ne4 Qxd2 24.Rxd2 b6 25.Rfd1 Kf8 26.N2g3 Bd7 27.d6 h6 28.
dxe7+ Kxe7 29.Bd4 f6 30.f4 Nf7 31.Re1 Kf8 32.Nxf6 Bc6 33.Red1 Rxd4 34.Rxd4
Bxf6 35.Rc4 Bb7 36.Rdc1 Rxc4 37.Rxc4 Nd6 38.Rc7 Ke8 39.f5 Bd4+ 40.Kh1 gxf5
41.Nxf5 Nxf5 42.Rxb7 a5 43.Rc7 Nd6 44.Rc2 Kd7 45.g4 Ke6 46.Kg2 Bc5 47.Kf3 
Kf6 48.h4 Nf7 49.Ke4 1/2-1/2

[Event "8th EUR-ch (w)"]
[Site "Dresden GER"]
[Date "2007.04.12"]
[Round "9"]
[White "Leite, Catarina"]
[Black "Padurariu, Ioana-Smaranda"]
[Result "1/2-1/2"]
[WhiteElo "2232"]
[BlackElo "2223"]
[EventDate "2007.04.03"]
[PlyCount "140"]

1.e4 e6 2.d4 d5 3.exd5 exd5 4.Bd3 Nc6 5.c3 Bd6 6.Qf3 Be6 7.Ne2 Qd7 8.h3 
Nge7 9.Bf4 Ng6 10.Bxd6 Qxd6 11.Nd2 Nce7 12.Nf1 Nh4 13.Qg3 Qxg3 14.fxg3 
Nhf5 15.g4 Nd6 16.Nf4 Bd7 17.Ne3 c6 18.Rf1 O-O 19.O-O-O Rae8 20.Rde1 Ng6 
21.g3 Re7 22.h4 Rfe8 23.Nfg2 f6 24.Kd1 Nh8 25.Nf5 Bxf5 26.gxf5 Nhf7 27.
Rxe7 Rxe7 28.Rf4 b5 29.Kd2 a5 30.Ne3 Nc4+ 31.Bxc4 bxc4 32.Rf2 Nd6 33.Rf3 
Kf7 34.Ng4 a4 35.a3 Ne4+ 36.Kc1 h5 37.Ne3 Nf2 38.Nxc4 dxc4 39.Rxf2 Re3 40.
Rd2 Rxg3 41.d5 cxd5 42.Rxd5 Rf3 43.Ra5 Rf4 44.Ra7+ Kg8 45.Rxa4 Rxh4 46.b4 
Rh1+ 47.Kd2 h4 48.Ke2 Rc1 49.Kf2 Rc2+ 50.Kg1 Rxc3 51.b5 Rb3 52.Rxc4 Rxb5 
53.Rf4 Rb3 54.a4 h3 55.Kh2 Ra3 56.a5 Rxa5 57.Kxh3 Ra1 58.Kg3 Rg1+ 59.Kf2 
Rg5 60.Ke3 Rh5 61.Ke4 Kh7 62.Rg4 Rh1 63.Kf4 Ra1 64.Rg2 Rf1+ 65.Ke4 Kg8 66.
Rg6 Ra1 67.Kf4 Ra4+ 68.Kf3 Kf7 69.Ke3 Rh4 70.Kf3 Ra4 1/2-1/2

[Event "8th EUR-ch (w)"]
[Site "Dresden GER"]
[Date "2007.04.12"]
[Round "9"]
[White "Danelia, Mariam"]
[Black "Topel, Zehra"]
[Result "1/2-1/2"]
[WhiteElo "2056"]
[BlackElo "2224"]
[EventDate "2007.04.03"]
[PlyCount "114"]

1.d4 Nf6 2.c4 g6 3.Nc3 Bg7 4.e4 d6 5.f3 O-O 6.Be3 e5 7.Nge2 c6 8.Qd2 Nbd7 
9.d5 cxd5 10.cxd5 a6 11.g4 h5 12.g5 Ne8 13.Rg1 b5 14.b3 Nc5 15.b4 Nd7 16.
Nc1 f6 17.Be2 Qc7 18.Nb3 fxg5 19.Bxg5 Kh7 20.Rc1 Qb6 21.Rg2 Ndf6 22.a4 
bxa4 23.Nxa4 Qd8 24.Na5 Bd7 25.Nc6 Bxc6 26.Rxc6 Nc7 27.Nb6 Ra7 28.Be3 Nb5 
29.Nc8 Rc7 30.Bb6 Nxe4 31.Qd3 Qh4+ 32.Kf1 Rcxc8 33.Bf2 Qf4 34.Qxe4 Qxe4 
35.fxe4 Rxc6 36.dxc6 Nd4 37.c7 Rc8 38.Bxd4 exd4 39.Bxa6 Rxc7 40.Bd3 Rc3 
41.Ke2 Be5 42.h3 Kh6 43.Rg1 Rc8 44.b5 g5 45.b6 Re8 46.Rb1 d5 47.exd5 Bf4+ 
48.Kf2 g4 49.hxg4 hxg4 50.b7 Kg5 51.Rb6 Rb8 52.Rg6+ Kh5 53.Rb6 Bc7 54.Rb5 
g3+ 55.Kg2 Bd6 56.Rb6 Bc7 57.Rb5 Bd6 1/2-1/2

[Event "8th EUR-ch (w)"]
[Site "Dresden GER"]
[Date "2007.04.12"]
[Round "9"]
[White "Winkelmann, Elena"]
[Black "Wilson, Alexandra"]
[Result "1/2-1/2"]
[WhiteElo "2114"]
[BlackElo "2034"]
[EventDate "2007.04.03"]
[PlyCount "59"]

1.d4 Nf6 2.c4 g6 3.f3 d5 4.cxd5 Nxd5 5.e4 Nb6 6.Nc3 Bg7 7.Be3 O-O 8.Qd2 
Nc6 9.O-O-O f5 10.e5 Nb4 11.h4 h5 12.Bh6 Be6 13.Qg5 Qe8 14.Nh3 N6d5 15.Bc4
Qf7 16.Bxd5 Nxd5 17.Nxd5 Bxd5 18.Nf4 Bxa2 19.d5 Bxe5 20.Qxg6+ Kh8 21.Qxf7 
Bxf4+ 22.Bxf4 Rxf7 23.Rhe1 Rd8 24.Re5 c6 25.dxc6 Rxd1+ 26.Kxd1 bxc6 27.Re3
Bd5 28.Ra3 e6 29.Be3 e5 30.Bxa7 1/2-1/2

[Event "8th EUR-ch (w)"]
[Site "Dresden GER"]
[Date "2007.04.12"]
[Round "9"]
[White "Levushkina, Elena"]
[Black "Isgandarova, Khayala"]
[Result "1-0"]
[WhiteElo "2327"]
[BlackElo "2155"]
[EventDate "2007.04.03"]
[PlyCount "107"]

1.e4 e6 2.d4 d5 3.Nd2 Nf6 4.Bd3 c5 5.e5 Nfd7 6.c3 Nc6 7.Ne2 cxd4 8.cxd4 f6
9.exf6 Nxf6 10.O-O Bd6 11.Nf3 Qc7 12.Bg5 O-O 13.Rc1 Bd7 14.Ng3 Bf4 15.Bxf4
Qxf4 16.Re1 Rae8 17.Bb5 Ne4 18.Bxc6 Bxc6 19.Rc2 Rc8 20.Qc1 Qd6 21.Qe3 Rf4 
22.Ne5 Rcf8 23.f3 Nxg3 24.hxg3 R4f6 25.Rec1 Rc8 26.Rc5 Re8 27.Qa3 a6 28.
R5c3 Qd8 29.Nxc6 bxc6 30.Qxa6 Qb8 31.Qxc6 Ref8 32.Qc7 Qxb2 33.a4 Qb4 34.
Qa7 Qd6 35.Qc7 Qa6 36.Qc6 Qa7 37.Rc5 Qf7 38.a5 Qg6 39.Qd6 Qd3 40.Qe5 Rf5 
41.Qxe6+ Kh8 42.Rc8 Qxd4+ 43.Kf1 Rf6 44.Qe2 Qg4 45.Rxf8+ Rxf8 46.Qe7 Qf5 
47.a6 Qd3+ 48.Kg1 Ra8 49.a7 h6 50.Rc7 Qd4+ 51.Kh2 Kh7 52.f4 Rg8 53.Rb7 Qd1
54.Qf7 1-0

[Event "8th EUR-ch (w)"]
[Site "Dresden GER"]
[Date "2007.04.12"]
[Round "9"]
[White "Sokalskaya, Elena"]
[Black "Fakhiridou, Ekaterini"]
[Result "0-1"]
[WhiteElo "2147"]
[BlackElo "2299"]
[EventDate "2007.04.03"]
[PlyCount "128"]

1.d4 g6 2.Nf3 Bg7 3.c4 d6 4.Nc3 c6 5.g3 Nd7 6.Bg2 Ngf6 7.O-O O-O 8.Qc2 e5 
9.Rd1 Qc7 10.b3 Re8 11.e4 a5 12.dxe5 dxe5 13.Ba3 Bf8 14.Bxf8 Nxf8 15.h3 
Ne6 16.Rd2 Nc5 17.Rad1 Kg7 18.Qb1 Qe7 19.a3 Na6 20.Qb2 Nc5 21.Re1 b6 22.
Kh2 Ra7 23.Re3 h5 24.Nh4 Kh7 25.Na4 Nxa4 26.bxa4 Nd7 27.Nf3 Ba6 28.Bf1 Rb7
29.Qc2 Nc5 30.h4 Rd7 31.Rxd7 Qxd7 32.Bh3 Qc7 33.Re1 f6 34.Re3 Bc8 35.Ng1 
Bxh3 36.Nxh3 Rd8 37.f4 Qd6 38.Qf2 exf4 39.gxf4 Re8 40.Qf3 Qd2+ 41.Re2 Qd4 
42.f5 Rxe4 43.fxg6+ Kg7 44.Rxe4 Qxe4 45.Qxe4 Nxe4 46.Nf4 Nd2 47.c5 bxc5 
48.Ne6+ Kxg6 49.Nxc5 Kf5 50.Kh3 Nc4 51.Nb3 Ke4 52.Kg3 Ke3 53.Kg2 f5 54.Kg3
f4+ 55.Kg2 f3+ 56.Kg1 f2+ 57.Kf1 c5 58.Kg2 Nd2 59.Nxd2 Kxd2 60.Kxf2 c4 61.
Kf3 c3 62.Kf4 c2 63.Kg5 c1=Q 64.Kxh5 Qxa3 0-1

[Event "8th EUR-ch (w)"]
[Site "Dresden GER"]
[Date "2007.04.12"]
[Round "9"]
[White "Bakalarz, Grazyna"]
[Black "Ptacnikova, Lenka"]
[Result "1/2-1/2"]
[WhiteElo "2081"]
[BlackElo "2290"]
[EventDate "2007.04.03"]
[PlyCount "80"]

1.d4 Nf6 2.Nf3 e6 3.Bg5 c5 4.e3 Qb6 5.Nc3 cxd4 6.Bxf6 gxf6 7.Qxd4 Qxd4 8.
Nxd4 Bb4 9.Nb5 Bxc3+ 10.Nxc3 Nc6 11.O-O-O Ke7 12.e4 d6 13.Be2 a6 14.Rhe1 
b5 15.f4 Bb7 16.Bf3 Na5 17.e5 dxe5 18.Bxb7 Nxb7 19.fxe5 f5 20.Rd4 Rad8 21.
Rh4 Nc5 22.b4 Nd7 23.a4 Rc8 24.Kb2 Rc7 25.axb5 Rhc8 26.Rh3 axb5 27.Re2 Nf8
28.Nxb5 Rb7 29.Nd6 Rxb4+ 30.Rb3 Rxb3+ 31.cxb3 Rc5 32.Nc4 Nd7 33.Kc3 Rc8 
34.Kb4 Rb8+ 35.Kc3 Rc8 36.Kb4 Nc5 37.Re3 Na6+ 38.Ka5 Nc5 39.Kb4 Na6+ 40.
Ka5 Nc5 1/2-1/2

[Event "8th EUR-ch (w)"]
[Site "Dresden GER"]
[Date "2007.04.12"]
[Round "9"]
[White "Fuchs, Judith"]
[Black "Dergatschova-Daus, Anna"]
[Result "0-1"]
[WhiteElo "2132"]
[BlackElo "2230"]
[EventDate "2007.04.03"]
[PlyCount "56"]

1.e4 c5 2.Nf3 d6 3.d4 cxd4 4.Nxd4 Nf6 5.Nc3 g6 6.Be3 Bg7 7.f3 Nbd7 8.Qd2 
a6 9.O-O-O b5 10.g4 Bb7 11.Kb1 Rc8 12.Rc1 Nb6 13.Bh6 Bxh6 14.Qxh6 Nc4 15.
Bxc4 Rxc4 16.Qd2 Qb6 17.Nb3 b4 18.Nd5 Bxd5 19.exd5 a5 20.Qd3 Rc7 21.c3 a4 
22.Nd2 bxc3 23.Rxc3 Rxc3 24.Qxc3 O-O 25.Re1 Nxd5 26.Qc4 Rb8 27.b3 Qa5 28.
Qc1 axb3 0-1

[Event "8th EUR-ch (w)"]
[Site "Dresden GER"]
[Date "2007.04.12"]
[Round "9"]
[White "Apanaviciute, Kristina"]
[Black "Dolzhikova, Kateryna"]
[Result "1/2-1/2"]
[WhiteElo "2008"]
[BlackElo "2282"]
[EventDate "2007.04.03"]
[PlyCount "80"]

1.e4 d5 2.exd5 Qxd5 3.Nc3 Qa5 4.Nf3 Nf6 5.Bc4 Bf5 6.O-O e6 7.d4 c6 8.Re1 
Be7 9.h3 Nbd7 10.Bd2 Qc7 11.a4 h6 12.Bb3 O-O 13.Qe2 Rad8 14.Rad1 Nb6 15.
Kh1 Rfe8 16.Rg1 Nbd5 17.Ne5 Nxc3 18.Bxc3 Ne4 19.g4 Bh7 20.f3 Nxc3 21.bxc3 
Bf6 22.Rgf1 Bxe5 23.Qxe5 Qxe5 24.dxe5 c5 25.c4 a5 26.Kg2 Kf8 27.Kf2 Ke7 
28.h4 Rxd1 29.Rxd1 Rd8 30.Rxd8 Kxd8 31.Ke3 Ke7 32.f4 f6 33.c3 Bb1 34.Kf3 
Kf7 35.Ke3 Kg6 36.h5+ Kf7 37.Kf3 f5 38.g5 Bd3 39.g6+ Ke7 40.Kf2 Be4 
1/2-1/2

[Event "8th EUR-ch (w)"]
[Site "Dresden GER"]
[Date "2007.04.12"]
[Round "9"]
[White "Ohme, Melanie"]
[Black "Nagel, Verena"]
[Result "1-0"]
[WhiteElo "2225"]
[BlackElo "2079"]
[EventDate "2007.04.03"]
[PlyCount "156"]

1.e4 d6 2.d4 g6 3.Nc3 Bg7 4.Be3 Nd7 5.f3 c6 6.Nge2 b5 7.Qd2 Nb6 8.b3 f5 9.
Ng3 fxe4 10.fxe4 Qc7 11.Be2 a5 12.O-O Bb7 13.Bf3 Nf6 14.Bh6 O-O 15.Bxg7 
Kxg7 16.Qg5 b4 17.Nce2 e5 18.Rad1 Rae8 19.Kh1 c5 20.dxc5 dxc5 21.Nf5+ Kh8 
22.Nd6 Re6 23.Nxb7 Qxb7 24.Bg4 Rc6 25.Qxe5 Qg7 26.Rd6 Rxd6 27.Qxd6 Rf7 28.
Bf3 Nfd7 29.Rd1 Qe5 30.Ng3 c4 31.bxc4 Nxc4 32.Qd5 Qxd5 33.exd5 Ne3 34.Rd2 
Ne5 35.d6 N3c4 36.Rd5 Rd7 37.Ne4 Kg7 38.Be2 a4 39.Rc5 Nxd6 40.Rxe5 Nxe4 
41.Rxe4 Rd2 42.h3 Rxc2 43.Bc4 Kf6 44.Kh2 Rb2 45.Re6+ Kg5 46.Ra6 b3 47.axb3
axb3 48.Rb6 Rc2 49.Bxb3 Rc7 50.Rb4 Ra7 51.Bd5 Ra5 52.Bf3 Re5 53.Kg3 Ra5 
54.Rd4 Ra7 55.Rd5+ Kf6 56.Rb5 Ra6 57.Rb7 h5 58.Rc7 Ra4 59.Rc6+ Kf5 60.Rc5+
Kf6 61.h4 Rd4 62.Rc8 Rb4 63.Rf8+ Kg7 64.Re8 Kf7 65.Re4 Rb5 66.Rd4 Ke6 67.
Rf4 Ke5 68.Rf8 Rb4 69.Bc6 Rb6 70.Be8 Ra6 71.Bb5 Rb6 72.Bd3 Rb3 73.Rf3 Rb6 
74.Kh3 Rc6 75.Rg3 Rc2 76.Kh2 Kf4 77.Rxg6 Rc3 78.Be2 Ke3 1-0

[Event "8th EUR-ch (w)"]
[Site "Dresden GER"]
[Date "2007.04.12"]
[Round "9"]
[White "Foisor, Mihaela-Veronica"]
[Black "Richards, Heather"]
[Result "1/2-1/2"]
[WhiteElo "1980"]
[BlackElo "2220"]
[EventDate "2007.04.03"]
[PlyCount "145"]

1.d4 e6 2.c4 Bb4+ 3.Nc3 b6 4.a3 Bxc3+ 5.bxc3 Bb7 6.e3 f5 7.f3 Nf6 8.Bd3 
Nh5 9.Qc2 d6 10.Nh3 Nd7 11.e4 Qh4+ 12.Qf2 Qxf2+ 13.Kxf2 fxe4 14.fxe4 O-O+ 
15.Ke2 e5 16.Be3 Rae8 17.Nf2 exd4 18.cxd4 Nhf6 19.d5 Ne5 20.Bd4 Bc8 21.
Rhf1 Nh5 22.Bxe5 Rxe5 23.g3 Nf6 24.Ke3 Rh5 25.h4 Re5 26.a4 a5 27.Ra2 g5 
28.Kd4 gxh4 29.gxh4 Rh5 30.Rh1 Nd7 31.Ng4 Nc5 32.Rg2 Kf7 33.Be2 Ke7 34.Bd1
Rf4 35.Nf2 Rhxh4 36.Rxh4 Rxh4 37.Rg7+ Kf6 38.Rxc7 Bd7 39.Ke3 h5 40.Ra7 Ke5
41.Nd3+ Nxd3 42.Kxd3 Rh3+ 43.Kd2 Bg4 44.Bxg4 hxg4 45.Re7+ Kf4 46.e5 dxe5 
47.d6 Rh6 48.d7 Rd6+ 49.Ke2 g3 50.Rf7+ Ke4 51.Rg7 Kd4 52.Rxg3 Kxc4 53.Re3 
Rxd7 54.Rxe5 Kb4 55.Rb5+ Kxa4 56.Rxb6 Ka3 57.Ke1 Rd3 58.Rb5 a4 59.Rb8 Ka2 
60.Ke2 Rb3 61.Rc8 Kb2 62.Kd2 Rh3 63.Rb8+ Rb3 64.Rc8 Rb7 65.Rc2+ Kb3 66.
Rc3+ Ka2 67.Rc2+ Kb3 68.Rc3+ Kb4 69.Kc2 Rh7 70.Rg3 Rh1 71.Kb2 a3+ 72.Ka2 
Rh2+ 73.Ka1 1/2-1/2

[Event "8th EUR-ch (w)"]
[Site "Dresden GER"]
[Date "2007.04.12"]
[Round "9"]
[White "Katte, Isabel"]
[Black "Makka, Ioulia"]
[Result "0-1"]
[WhiteElo "1947"]
[BlackElo "2185"]
[EventDate "2007.04.03"]
[PlyCount "160"]

1.e4 e6 2.d4 d5 3.exd5 exd5 4.Bd3 Bd6 5.Nf3 Nc6 6.c3 Bg4 7.O-O Nge7 8.Re1 
Qd7 9.b4 O-O 10.Nbd2 a6 11.Qc2 Bf5 12.Nb3 Bxd3 13.Qxd3 Ng6 14.Bd2 Nce7 15.
Ne5 Bxe5 16.dxe5 b6 17.f4 Qg4 18.Qe2 Qxe2 19.Rxe2 h5 20.g3 Nf5 21.Kf2 f6 
22.e6 Nd6 23.Rd1 Ne4+ 24.Kg2 f5 25.Be1 Ne7 26.Nd4 Rf6 27.c4 c5 28.bxc5 
bxc5 29.Nf3 d4 30.Ng5 Nxg5 31.fxg5 Rff8 32.Ba5 f4 33.Rf2 fxg3 34.Rxf8+ 
Rxf8 35.hxg3 Nf5 36.Rb1 Ne3+ 37.Kh3 Nxc4 38.e7 Re8 39.Bd8 g6 40.Kg2 Ne3+ 
41.Kf3 Nd5 42.Rc1 Nc3 43.Rc2 c4 44.a3 Kf7 45.Bb6 Rxe7 46.Bxd4 Nb1 47.Be3 
c3 48.Rc1 Nd2+ 49.Ke2 Ne4 50.Kf3 Nxg3 51.Rxc3 Nf5 52.Bf2 Rd7 53.Ke4 Ke6 
54.Rc5 Nd6+ 55.Ke3 Rb7 56.Bg3 Rb3+ 57.Kf4 Rxa3 58.Rc6 Kd5 59.Rc2 Nf5 60.
Bf2 Ra5 61.Rb2 Rb5 62.Rd2+ Ke6 63.Re2+ Kd6 64.Ra2 a5 65.Be1 Ng7 66.Rxa5 
Rxa5 67.Bxa5 Ne6+ 68.Kg3 Nxg5 69.Bd8 Nf7 70.Bf6 Ke6 71.Bh4 Kf5 72.Kh3 g5 
73.Bxg5 Kxg5 74.Kg3 Nd6 75.Kh3 Ne4 76.Kg2 Kg4 77.Kh2 Ng5 78.Kg2 Ne6 79.Kh2
Nf4 80.Kh1 Kg3 0-1

[Event "8th EUR-ch (w)"]
[Site "Dresden GER"]
[Date "2007.04.12"]
[Round "9"]
[White "Pertlova, Sona"]
[Black "Norinkeviciute, Rasa"]
[Result "1-0"]
[WhiteElo "2171"]
[BlackElo "2048"]
[EventDate "2007.04.03"]
[PlyCount "103"]

1.d4 g6 2.g3 Bg7 3.Bg2 d6 4.Nf3 Nd7 5.c4 Ngf6 6.Nc3 O-O 7.O-O Re8 8.e4 e5 
9.h3 exd4 10.Nxd4 Nc5 11.Re1 c6 12.Qc2 Qc7 13.Be3 Bd7 14.Rad1 Rad8 15.f4 
Ne6 16.Nf3 Bc8 17.g4 h6 18.Kh1 Nf8 19.Bg1 Qa5 20.f5 Re7 21.c5 Ne8 22.cxd6 
Rxd6 23.Rxd6 Nxd6 24.e5 Nxf5 25.gxf5 Bxf5 26.Qf2 b6 27.Nd4 Bd7 28.Nxc6 
Bxc6 29.Bxc6 Rxe5 30.Rxe5 Qxe5 31.Bd5 Qe7 32.Bh2 Nd7 33.Bd6 Qe8 34.h4 Nf6 
35.Bf3 Qe6 36.Bh2 Bf8 37.Qe2 Qf5 38.Ne4 Nd5 39.Bg4 Nf4 40.Qf3 Qe5 41.Bxf4 
Qxb2 42.Bh3 Qb1+ 43.Bf1 Bg7 44.a3 Qe1 45.Bg3 Qa1 46.Nd6 f5 47.h5 gxh5 48.
Nxf5 Qf6 49.Bh4 Qa1 50.Ne7+ Kh7 51.Qf5+ Kh8 52.Qc8+ 1-0

[Event "8th EUR-ch (w)"]
[Site "Dresden GER"]
[Date "2007.04.12"]
[Round "9"]
[White "Shmirina, Galina"]
[Black "Sautter, Elke"]
[Result "1/2-1/2"]
[WhiteElo "2115"]
[BlackElo "2046"]
[EventDate "2007.04.03"]
[PlyCount "85"]

1.d4 e6 2.c4 f5 3.g3 Nf6 4.Bg2 d5 5.Nf3 c6 6.O-O Bd6 7.Bf4 Bxf4 8.gxf4 O-O
9.Nbd2 Bd7 10.Qc2 Ne4 11.Ne5 Nxd2 12.Qxd2 Qe7 13.e3 Be8 14.b4 Nd7 15.Nxd7 
Bxd7 16.Rfc1 Kh8 17.b5 Rg8 18.Kh1 a6 19.bxc6 Bxc6 20.c5 Raf8 21.Rg1 Qh4 
22.f3 g5 23.Qe1 Qh6 24.Qg3 g4 25.fxg4 Rxg4 26.Qf2 Rfg8 27.Bf3 Rxg1+ 28.
Rxg1 Rxg1+ 29.Qxg1 Qh3 30.Qg2 Qxg2+ 31.Kxg2 Kg7 32.Kg3 Kh6 33.Kf2 Be8 34.
Kg3 Bh5 35.Bg2 Be8 36.Bf1 Bb5 37.Bg2 Kg6 38.Bf3 Kf6 39.Kh4 Be8 40.Bd1 h6 
41.h3 Ke7 42.Bh5 Bf7 43.Bxf7 1/2-1/2

[Event "8th EUR-ch (w)"]
[Site "Dresden GER"]
[Date "2007.04.12"]
[Round "9"]
[White "Shmirina, Evgenija"]
[Black "Sokalska, Viktorija"]
[Result "1-0"]
[WhiteElo "2112"]
[BlackElo "2045"]
[EventDate "2007.04.03"]
[PlyCount "127"]

1.d4 Nf6 2.Nc3 d5 3.Bg5 Ne4 4.Bf4 Nxc3 5.bxc3 e6 6.Nf3 c5 7.g3 Nc6 8.Bg2 
Bd6 9.Bxd6 Qxd6 10.O-O O-O 11.e3 b6 12.Nh4 Bb7 13.f4 Na5 14.f5 Nc4 15.f6 
g6 16.Qg4 Rfc8 17.Qg5 Nd2 18.Rf4 Kf8 19.Qh6+ Ke8 20.Qxh7 g5 21.Rf2 gxh4 
22.Rxd2 hxg3 23.Qg8+ Qf8 24.Qxf8+ Kxf8 25.hxg3 cxd4 26.cxd4 Rc3 27.Kf2 
Rac8 28.Rc1 Kg8 29.Bf1 Kh7 30.Bd3+ Kh6 31.Kg2 Kg5 32.Rh1 Kxf6 33.Rf2+ Ke7 
34.Rh7 Rf8 35.Bg6 Kd6 36.Rfxf7 Rxf7 37.Rxf7 Bc6 38.Bd3 Ra3 39.g4 Be8 40.
Rf2 Rxa2 41.g5 Ra3 42.g6 Bxg6 43.Bxg6 Rxe3 44.Rf6 Rc3 45.Kf2 Rc7 46.Ke3 a5
47.Bf5 Re7 48.Kd3 b5 49.Kc3 Re8 50.Kb3 Re7 51.Bg4 Re8 52.Rh6 Re7 53.Be2 
Rb7 54.Rh8 a4+ 55.Kb4 Ra7 56.Rh3 Rc7 57.Rc3 Rxc3 58.Kxc3 Kc6 59.Kb4 Kb6 
60.Bg4 Kc6 61.Bxe6 Kd6 62.Bg4 Kc6 63.Be2 Kb6 64.Bf1 1-0

[Event "8th EUR-ch (w)"]
[Site "Dresden GER"]
[Date "2007.04.12"]
[Round "9"]
[White "Coimbra, Margarida"]
[Black "Steil-Antoni, Fiona"]
[Result "0-1"]
[WhiteElo "2067"]
[BlackElo "2018"]
[EventDate "2007.04.03"]
[PlyCount "80"]

1.e4 e5 2.Nf3 Nc6 3.d4 exd4 4.Nxd4 Bc5 5.Be3 Qf6 6.c3 Qg6 7.Nxc6 Bxe3 8.
Nd4 Bh6 9.Qf3 Qg5 10.Nb3 d6 11.Bc4 Nf6 12.O-O O-O 13.N1d2 Bg4 14.Qd3 Nh5 
15.Nf3 Qg6 16.Nh4 Qf6 17.Nf5 Bg5 18.Nbd4 g6 19.Ne3 Bd7 20.Nd5 Qd8 21.f4 
Bh6 22.g3 Bh3 23.Rf2 a6 24.Qf3 Be6 25.Nxe6 fxe6 26.Ne3 Qe7 27.f5 d5 28.
exd5 Qc5 29.Ng4 Bg7 30.Qe2 exf5 31.Ne3 Rae8 32.Rf3 Bh6 33.Re1 Bxe3+ 34.
Rxe3 Rxe3 35.Qxe3 Qxc4 36.Qe6+ Kg7 37.Qe7+ Rf7 38.Qd8 Nf6 39.d6 Qc5+ 40.
Kh1 Qxd6 0-1